=LDR 00000nam 2200000 4500 =001 INLIS000000000026766 =005 20130612125205 =008 ***********************************ind** =035 ##$$0010-061300000026766 =041 ##$$a ind =082 ##$$a 423.1 =090 ##$$a 423.1, MAN k =100 ##$$a Manru S.P =245 ##$$a Kamus lengkap 5 milyar Inggris-Indonesia, Indonesia-Inggris, Manru S.P =260 ##$$a [s.a] $b [s.l] =300 ##$$a 648 hlm., 20 cm =650 ##$$a Kamus =650 ##$$a Inggris-Indonesia =850 ##$$a NBPNMAT